[Event "Ramsowo Grunwald Cup 28th"]
[Site "Ramsowo"]
[Date "2013.09.21"]
[Round "9"]
[White "Ptasznik, Antoni"]
[Black "Myszka, Zygmunt"]
[Result "0-1"]
[WhiteElo "1737"]
[BlackElo "1934"]
[PlyCount "25"]
[EventDate "2013.09.16"]
[EventType "swiss"]
[EventRounds "9"]
[EventCountry "POL"]
[SourceTitle "CBM 156 Extra"]
[Source "ChessBase"]
[SourceDate "2013.10.22"]
[SourceVersion "1"]
[SourceVersionDate "2013.10.22"]
[SourceQuality "1"]

1. e4 e5 2. Nf3 Nc6 3. d4 exd4 4. Nxd4 Qf6 5. c3 Bc5 6. Be3 Bb6 7. Bc4 Nge7 8. 0-0 0-0 9. Na3 Ne5 10. f4 Nxc4 11. Nxc4 Nc6 12. Nxb6 axb6 13. e5 0-1

[Event "POL-ch sf blind"]
[Site "Zawoja Osrodek"]
[Date "2011.??.??"]
[Round "9"]
[White "Ptasznik, Antoni"]
[Black "Poswiatowski, Stanislaw"]
[Result "0-1"]
[WhiteElo "1783"]
[BlackElo "1711"]
[PlyCount "60"]
[EventDate "2011.??.??"]
[EventType "swiss"]
[EventRounds "9"]
[EventCountry "POL"]
[SourceTitle "EXT 2013"]
[Source "ChessBase"]
[SourceDate "2012.11.22"]
[SourceVersion "1"]
[SourceVersionDate "2012.11.22"]
[SourceQuality "1"]

1. e4 Nc6 2. d4 d5 3. exd5 Qxd5 4. Be3 e5 5. c4 Bb4+ 6. Nc3 Qa5 7. dxe5 Bxc3+ 8. Bd2 Bxd2+ 9. Qxd2 Qxd2+ 10. Kxd2 Be6 11. f4 0-0-0+ 12. Kc3 Nh6 13. Nf3 Ng4 14. Ng5 h6 15. Nxe6 fxe6 16. Be2 Ne3 17. g3 Nf5 18. Rad1 Rxd1 19. Rxd1 Rd8 20. Rxd8+ Kxd8 21. g4 Nfe7 22. Bf3 b6 23. b4 a6 24. Be4 g5 25. b5 axb5 26. cxb5 Na7 27. a4 gxf4 28. Kd4 c6 29. bxc6 Naxc6+ 30. Kd3 Nxe5+ 0-1

[Event "POL-ch sf blind"]
[Site "Zawoja Osrodek"]
[Date "2011.??.??"]
[Round "5"]
[White "Ptasznik, Antoni"]
[Black "Stankiewicz, Edward"]
[Result "0-1"]
[WhiteElo "1783"]
[BlackElo "1931"]
[PlyCount "55"]
[EventDate "2011.??.??"]
[EventType "swiss"]
[EventRounds "9"]
[EventCountry "POL"]
[SourceTitle "EXT 2013"]
[Source "ChessBase"]
[SourceDate "2012.11.22"]
[SourceVersion "1"]
[SourceVersionDate "2012.11.22"]
[SourceQuality "1"]

1. e4 c5 2. Nf3 Nc6 3. d4 cxd4 4. Nxd4 g6 5. f4 Bg7 6. c3 e6 7. Nb5 Bf8 8. e5 Nh6 9. N1a3 a6 10. Nd6+ Bxd6 11. exd6 Nf5 12. g3 b5 13. Bh3 Bb7 14. Bxf5 gxf5 15. Rf1 Qf6 16. Be3 0-0 17. Qd2 Rfe8 18. 0-0-0 Qg6 19. Nc2 f6 20. Rg1 h5 21. h3 Kf7 22. Ne1 Na5 23. b3 Nc6 24. Nf3 Nd8 25. Nh4 Qh7 26. Bd4 Rc8 27. Rde1 Bd5 28. b4 0-1

[Event "POL-chT blind"]
[Site "Mielno"]
[Date "2010.03.25"]
[Round "7.6"]
[White "Ptasznik, Antoni"]
[Black "Mackowiak, Marek"]
[Result "0-1"]
[WhiteElo "1789"]
[BlackElo "2236"]
[PlyCount "96"]
[EventDate "2010.03.21"]
[EventType "team-tourn"]
[EventRounds "10"]
[EventCountry "POL"]
[SourceTitle "EXT 2011"]
[Source "ChessBase"]
[SourceDate "2010.11.26"]
[SourceVersion "1"]
[SourceVersionDate "2010.11.26"]
[SourceQuality "1"]

1. e4 e5 2. Nf3 d6 3. d4 exd4 4. Nxd4 g6 5. f4 Bg7 6. c3 Qe7 7. Nd2 Nf6 8. Bd3 0-0 9. 0-0 a6 10. f5 b5 11. fxg6 fxg6 12. N4f3 c6 13. Qe2 Nbd7 14. Nb3 c5 15. Na5 c4 16. Bc2 Nc5 17. Nc6 Qe8 18. e5 Ng4 19. h3 Qxc6 20. hxg4 dxe5 21. Nh4 Rxf1+ 22. Kxf1 Qf6+ 23. Qf3 Bxg4 24. Qxf6 Bxf6 25. g3 Rf8 26. Kg1 Nd3 27. Bh6 Bg7 28. Be3 Nxb2 29. Be4 Rd8 30. Ng2 Na4 31. Bg5 Rd7 32. Ne3 Be6 33. Rd1 Nxc3 34. Rxd7 Bxd7 35. Bb7 Nxa2 36. Bd5+ Kf8 37. Bd8 Nb4 38. Bf3 Bc6 39. Bd1 e4 40. Bb6 Nd5 41. Bc5+ Ke8 42. Nc2 a5 43. Kf2 b4 44. Ne3 Nxe3 45. Kxe3 b3 46. Ba3 a4 47. Be2 c3 48. Bd1 Bh6+ 0-1

[Event "POL-chT blind"]
[Site "Mielno"]
[Date "2010.03.24"]
[Round "6.11"]
[White "Traczyk, Tadeusz"]
[Black "Ptasznik, Antoni"]
[Result "1-0"]
[WhiteElo "1896"]
[BlackElo "1789"]
[PlyCount "87"]
[EventDate "2010.03.21"]
[EventType "team-tourn"]
[EventRounds "10"]
[EventCountry "POL"]
[SourceTitle "EXT 2011"]
[Source "ChessBase"]
[SourceDate "2010.11.26"]
[SourceVersion "1"]
[SourceVersionDate "2010.11.26"]
[SourceQuality "1"]

1. e4 e5 2. d4 exd4 3. Qxd4 Nc6 4. Qe3 Nf6 5. Nc3 b6 6. Bd2 Bd6 7. 0-0-0 0-0 8. f4 Bc5 9. Qg3 d6 10. h3 Bb7 11. Be2 Nd4 12. Bf3 Re8 13. e5 Bxf3 14. exf6 Qxf6 15. Nxf3 Nf5 16. Qg5 Qe6 17. g4 Nd4 18. Nxd4 Bxd4 19. Rhe1 Qc4 20. Qd5 Qc5 21. Qxc5 dxc5 22. Nb5 Rxe1 23. Rxe1 c6 24. Nxa7 Kf8 25. Nxc6 Rxa2 26. c3 Ra1+ 27. Kc2 Rxe1 28. Bxe1 Be3 29. Bd2 Bf2 30. Ne5 Ke7 31. Kd3 f6 32. Nf3 Kd6 33. c4 Ke6 34. Be3 Bg3 35. Ke2 g6 36. Kf1 h5 37. f5+ gxf5 38. gxh5 Bd6 39. h6 Kf7 40. Nh4 f4 41. h7 Kg7 42. Nf5+ Kxh7 43. Nxd6 fxe3 44. Ke2 1-0

[Event "Grunwald Cup 22nd blind"]
[Site "Dadaj"]
[Date "2007.09.26"]
[Round "5"]
[White "Ptasznik, Antoni"]
[Black "Iwancio, Lukasz"]
[Result "0-1"]
[WhiteElo "1858"]
[BlackElo "2009"]
[PlyCount "31"]
[EventDate "2007.09.24"]
[EventType "swiss"]
[EventRounds "9"]
[EventCountry "POL"]
[SourceTitle "EXT 2009"]
[Source "ChessBase"]
[SourceDate "2008.11.26"]
[SourceVersion "1"]
[SourceVersionDate "2008.11.26"]
[SourceQuality "1"]

1. e4 e5 2. Nf3 Nc6 3. d4 exd4 4. Nxd4 Nf6 5. Nc3 Be7 6. f4 d6 7. Be2 0-0 8. Nxc6 bxc6 9. Bf3 Nd7 10. 0-0 Rb8 11. Ne2 c5 12. Ng3 Bf6 13. c3 Nb6 14. Nh5 Bb7 15. Nxf6+ Qxf6 16. e5 0-1

[Event "POL-chT blind B"]
[Site "Jarnoltowek"]
[Date "2007.03.21"]
[Round "6.7"]
[White "Ptasznik, Antoni"]
[Black "Muller, Marcin"]
[Result "1-0"]
[WhiteElo "1873"]
[BlackElo "1728"]
[PlyCount "53"]
[EventDate "2007.03.17"]
[EventType "team"]
[EventRounds "10"]
[EventCountry "POL"]
[SourceTitle "EXT 2019"]
[Source "ChessBase"]
[SourceDate "2018.10.10"]
[SourceVersion "1"]
[SourceVersionDate "2018.10.10"]
[SourceQuality "1"]

1. e4 c5 2. Nf3 Nc6 3. d4 cxd4 4. Nxd4 e5 5. Nb3 Nf6 6. Nc3 Bb4 7. Bd3 Bxc3+ 8. bxc3 d5 9. Bg5 dxe4 10. Bxf6 Qxf6 11. Bxe4 0-0 12. 0-0 Qg5 13. Qf3 f5 14. Bxc6 bxc6 15. Qxc6 Rb8 16. Qd5+ Kh8 17. Qxe5 Bb7 18. g3 Rbe8 19. Qb5 Bf3 20. Rfe1 Qh5 21. Nd4 Ba8 22. Re5 Be4 23. f3 Rxe5 24. Qxe5 Bxf3 25. Rb1 Be4 26. Ne6 Rg8 27. Nxg7 1-0